000
00287nam a22001337a 4500
020
_a
978-9388399401
041
_a
ENG
100
_a
FAO -07
245
_a
Land and Water Resources Information Systems
260
_a
Rome
_b
FAO
_c
1998
300
_a
38
650
_a
FAO
856
_u
FAO (01)
999
_c
2373
_d
2373